| 000 | 01214 a2200229 4500 | ||
|---|---|---|---|
| 999 |
_c652 _d652 |
||
| 020 | _a9781919895451 | ||
| 020 | _a1919895450 | ||
| 050 | 0 | 0 | _aKQC371 |
| 245 | 0 | 0 |
_aAccess to knowledge in Africa : _bthe role of copyright / _ceditors, C. Armstrong ... [et al.] |
| 264 |
_aCape Town: _bUCT Press, _c2010 |
||
| 300 | _axvii, 366 p. ; | ||
| 500 | _a"Published in association with the International Development Research Centre, the Shuttleworth Foundation and the LINK Centre, Graduate School of Public and Development Management (P&DM), University of the Witwatersrand." | ||
| 500 | _a"This book is a result of an international and interdisciplinary research project known as the African Copyright and Access to Knowledge (ACA2K) project"--Acknowledgments. | ||
| 504 | _aIncludes bibliographical references and index. | ||
| 650 | 0 | _aCopyright | |
| 650 | 0 | _aIntellectual property | |
| 700 | 1 |
_aArmstrong, C. _q(Chris), _d1965- |
|
| 856 | 4 | 1 | _uhttp://link.wits.ac.za/papers/aca2k-book.html |
| 856 | 4 | 2 |
_3Publisher description _uhttp://www.loc.gov/catdir/enhancements/fy1316/2010289542-d.html |
| 942 |
_2lcc _cBK _h371 _iACC _kKQC |
||